Ordinary differential equations and smooth dynamical systems /
Guardado en:
| Otros Autores: | |
|---|---|
| Formato: | Libro |
| Idioma: | English |
| Publicado: |
Berlin :
Springer,
c1997.
|
| Materias: | |
| Etiquetas: |
Agregar Etiqueta
Sin Etiquetas, Sea el primero en etiquetar este registro!
|
| LEADER | 01137nam a2200253 a 4500 | ||
|---|---|---|---|
| 001 | MAT.inmabb003238 | ||
| 008 | 980727s1997####gw#a#####b####001#0#eng## | ||
| 005 | 20180612144509.0 | ||
| 245 | 0 | 0 | |a Ordinary differential equations and smooth dynamical systems / |c D. V. Anosov ... [et al.]. |
| 260 | |a Berlin : |b Springer, |c c1997. | ||
| 300 | |a 233 p. : |b il. ; |c 24 cm. | ||
| 500 | |a "Third printing 1997 of the first edition 1988, which was originally published as Dynamical systems I, volume 1 of the Encyclopaedia of mathematical sciences"--Dorso portada. | ||
| 505 | 0 | 0 | |t Ordinary differential equations / |r V. I. Arnold, Yu.S. Il´yashenko -- |t Smooth dynamical systems / |r D. V. Anosov, I. U. Bronshtein, S. Kh. Aranson, V. Z. Grines. |
| 504 | |a Incluye referencias bibliográficas e índices. | ||
| 510 | 4 | |a MR, |c 99h:58053 | |
| 020 | |a 3540612203 | ||
| 700 | 1 | |a Anosov, D. V. | |
| 730 | 0 | |a Dinamicheskie sistemy. |l Inglés | |
| 650 | 0 | |a Differential equations. | |
| 650 | 0 | |a Differentiable dynamical systems. | |
| 084 | |a 58Fxx (34Axx 34Cxx 54H20) |2 MR | ||
| 010 | |a 98175523 | ||
| 040 | |a DLC |c DLC | ||
| 859 | |h 58 |i Or65 |p A-7490 |b BIB. MATEMATICA | ||
